Energy environment and sustainable development / (Record no. 10912)

MARC details
000 -LEADER
fixed length control field 00549nam a2200157 a 4500
020 ## - INTERNATIONAL STANDARD BOOK NUMBER
ISBN 8180690334 (hardcover)
020 ## - INTERNATIONAL STANDARD BOOK NUMBER
ISBN 9788180690334 (hardcover)
100 1# - MAIN ENTRY--AUTHOR NAME
Personal name Chaturvedi, Pradeep.
245 10 - TITLE STATEMENT
Title Energy environment and sustainable development /
260 ## - PUBLICATION, DISTRIBUTION, ETC. (IMPRINT)
Place of publication [S.l.] :
Name of publisher Concept Publishing Co,
Year of publication 2003.
300 ## - PHYSICAL DESCRIPTION
Number of Pages 1 v. (unpaged)
856 40 - ELECTRONIC LOCATION AND ACCESS
Uniform Resource Identifier http://www.amazon.com/exec/obidos/ASIN/8180690334/chopaconline-20
Holdings
Withdrawn status Lost status Home library Current library Date acquired Cost, normal purchase price Full call number Accession Number Koha item type
    Central Library, QUEST, Nawabshah Seminar Library, Energy & Environ. Engg. 14/10/2014 1192.50 628CHU 28895 Books